00641nam a22002057a 450000500170000001000130001702000230003003500130005303700160006604000120008208200180009410000230011224500800013526000390021527000480025430000210030250000500032365000430037365000190041620170124110132.0 aB-166999 c640.00a8178294214 aB-166999 bCen Lib/Ret aDPLbEN a954.6063bKOI aKoithara, Verghese aCrafting peace in Kashmir :cby Verghese Koitharabthrough a realist lens / aNew DelhibSage Publicationsc2004 aB-42, Panchsheel EnclavebNew Delhie110017 a314p. c21cm(Hb) aIncludes bibliographical references and index aIndia -- Foreign relations -- Pakistan aPeace-building